00581nam a2200205Ia 4500003000400000005001700004008004100021020001800062040000700080041000800087082001600095100002300111245003500134260001700169300000900186650002200195942001300217999001900230952012600249OSt20251126160659.0250729s2006 xx 000 0 und d a9781801994316 cAL aeng a370.71 COMG aCowley Sue9225017 aGetting the Students to behave aLondonc2006 a215p aEducation9225018 2ddccBED c236706d236706 00104070aALbALd2025-07-29eBook Worldg195.00l0o370.71 COMGpBED02025r2025-07-29 16:55:02v195.00w2025-07-29yBK